000 00669nam a2200241Ia 4500
003 OSt
005 20220927104059.0
006 a|||||r|||| 00| 0
007 ta
008 220926b |||||||| |||| 00| 0 eng d
024 _a113245
037 _cReference Collections
040 _aRTL
_cRTL
_beng
041 _2eng
_aeng
082 _a"Rk, M2/RR"
100 _aNisbet Robert
_9362909
245 0 _aPrejudices
_b A philosophical dictionary
260 _aCambridge
_bHarvard University Press
_c1982
300 _a318p
_ccm.
650 _aPhilosophy
_9362910
942 _h"Rk, M2/RR"
_cCC
999 _c685495
_d685495